000 00537nam a2200181Ia 4500
003 GCL
008 140319s9999 xx 000 0 ara d
040 _aGCL /
_cGCL
082 0 4 _a889
_bن م
100 1 _aنعيم عطية
245 1 0 _aمختارات من الادب اليونانى الحديثة فى القصة /
_cنعيم عطية
300 _a190 ص ؛
_c18 سم
490 _a
650 0 4 _aالعصر الحديث
650 0 4 _aالادب اليونانى
650 0 4 _aالقصة اليونانية
942 _2ddc
_cBK
999 _c38487
_d38487